| 000 | 00659nam a22002177a 4500 | ||
|---|---|---|---|
| 999 |
_c6805 _d6805 |
||
| 003 | AR-CdUCM | ||
| 008 | 190225b ||||| |||| 00| 0 spa d | ||
| 040 |
_aMUNICIPALIDAD PROVINCIAL DEL CUSCO _cBIBLIOTECA MUNICIPAL DEL CUSCO |
||
| 082 |
_a869.56 / _bSE36 |
||
| 100 |
_aSegura , Manuel A. _919170 |
||
| 245 |
_aÑa Catita : _bla Saya y Manto |
||
| 260 |
_aLima : _bUniverso, _c1981. |
||
| 300 |
_a268 paginas ; _c17 cm. |
||
| 440 |
_aColección Autores Peruanos _n44 _912447 |
||
| 650 |
_aPerú _935 |
||
| 650 |
_aTeatro peruana _919171 |
||
| 650 |
_aSiglo XX _98 |
||
| 700 |
_aCornejo Polar, Jorge (Prólogo) _911035 |
||
| 942 |
_2ddc _cLIBROS |
||
| 945 | _araen | ||